Testovanie ručných mobilných laserových skenerov na SLAM princípe

Salvato in:
Dettagli Bibliografici
Autore principale: Vacula, Alexander (Autore)
Altri autori: Fraštia, Marek (Relatore della tesi)
Natura: Manoscritto Libro
Lingua:slovacco
Pubblicazione: 2025
Soggetti:
Accesso online:http://is.stuba.sk/zp/portal_zp.pl?podrobnosti=168270
CRZP
Tags: Aggiungi Tag
Nessun Tag, puoi essere il primo ad aggiungerne!!

MARC

LEADER 00000ntm a22000003a 4500
001 stuzp104147
003 SK-STU
005 20250801122920.1
007 ta
008 150427s2015----xo-----f-mn---000-0-slo-d
040 |a STU  |b slo 
041 0 |a slo 
100 1 |a Vacula, Alexander  |u 010140  |4 aut  |U SvF Stavebná fakulta  |T SvF Katedra geodézie  |X 115607  |U V140  |Y 14  |7 115607 
242 0 1 |a Testing of handheld mobile laser scanners based on the SLAM principle  |y eng 
245 1 0 |a Testovanie ručných mobilných laserových skenerov na SLAM princípe 
260 |c 2025 
650 4 |a ručný mobilný skener (HMLS)  |2 slo 
650 4 |a SLAM  |2 slo 
650 4 |a Hovermap ST-X  |2 slo 
650 4 |a Trimble X9  |2 slo 
650 4 |a presnosť  |2 slo 
650 4 |a mračno bodov  |2 slo 
650 4 |a handheld mobile scanner (HMLS)  |2 eng 
650 4 |a SLAM  |2 eng 
650 4 |a Hovermap ST-X  |2 eng 
650 4 |a Trimble X9  |2 eng 
650 4 |a accuracy  |2 eng 
650 4 |a point cloud  |2 eng 
700 1 |a Fraštia, Marek  |u 010140  |k Z1  |4 ths  |U SvF Stavebná fakulta  |T SvF Katedra geodézie  |X 930  |U V140  |Y 14  |7 A000000930 
856 4 |u http://is.stuba.sk/zp/portal_zp.pl?podrobnosti=168270 
856 4 |u https://opac.crzp.sk/?fn=detailBiblioForm&sid=4013D2F8FE5692F45EC92B4F6B33  |z CRZP